000 00740cab a2200241 4500
001 ABS58395
008 090401t1998 xxu||||| |||| 00| 0 eng d
035 _a(Sirsi) u84999
041 _aeng
100 _aBrewer, G.
245 _aWhen exclusive remedy bars use of common law
260 _c1998
350 _a0
490 _aContract Journal
_v392(6165) 4 March 1998, 23(1)
520 _aConsiders exclusive remedy clauses in contracts and their legal interpretation.
650 _aCONTRACT CLAIMS
650 _aEXCLUSIVE REMEDY CLAUSES
650 _aMF/1 CL 44.4
650 _aSTRACHAN AND HENSHAW LTD V STEIN INDUSTRIE (UK) LTD
690 _aBUILT ENVIRONMENT-BUILDING CONTRACT FORMS
942 _n0
948 _c17/03/1998
999 _c53433
_d53433